Statistics for Extreme Flags #4

Click here to take the quiz!

General Stats

  • This quiz has been taken 84 times
  • The average score is 8 of 20

Answer Stats

Answer% Correct
Christmas Island
84%
Corsica
81%
Azores
63%
British Indian Ocean Territory
60%
Tokyo Prefecture
54%
Western Australia
46%
Prince Edward Island
41%
Orkney
37%
Jammu and Kashmir
35%
Melilla
35%
Puntland
33%
Bali
30%
Isle of Wight
29%
Amazonas
25%
Gotland
22%
Tierra del Fuego
22%
Bremen
21%
Cabinda
17%
Ingria
17%
Upper Silesia
11%

Score Distribution

Percentile by Number Answered

Percent of People with Each Score

Your Score History

You have not taken this quiz